Statistics for Countries and States in the Caucasus

Click here to take the quiz!

General Stats

  • This quiz has been taken 40,439 times
    (17,158 since last reset)
  • The average score is 6 of 7

Answers on the Map

Answers color-coded by a green-red scale on the quiz's map according to % correct below.
 

Answer Stats

Countries% Correct
Georgia
99%
Armenia
98%
Turkey
98%
Azerbaijan
97%
Russia
97%
South Ossetia
51%
Abkhazia
43%

Score Distribution

Percentile by Number Answered

Percent of People with Each Score

Your Score History

You have not taken this quiz since the last reset